000 00504nam a2200169Ia 4500
008 230720s9999 xx 000 0 und d
020 _a9780670097234
041 _aeng
082 _a658.4
_bHAL
100 _aHaladker H.
_9204223
245 _aExprovement
_bExponential Improvement Through Coverging Parallels
260 _c2023
_bPenguin Business
300 _a246
365 _cRs.
_b799
700 _aHaladker H. & Mashelkar R.
_9204224
906 _dO:0800327-May-2023B:40624-May-2023
_cGENRL
_b159.8
999 _c355415
_d355415